000 00331nam a22001457a 4500
020 _a978-1-4737-6972-4
082 _a658
100 _aCole, G. A.
245 _aManagement Theory and Practice
250 _a9th
260 _aAndocer:
_bCengage,
_c2020
300 _axi, 692p.: ill.; 26cm
700 _aKelly, Phill
942 _cBK
999 _c22178
_d22178